Tractatus bipartitus de puritate et nobilitate probanda, secundum statuta S. Officii Inquisitionis, Regii Ordinum Senatus, Sanctae Ecclesiae Toletanae, Collegiorum, aliarúmque communitatum Hispaniae. Ad explicationem Regiae Pragmaticae Sanctionis, §. 20. incipiente, y porque el odio, à Domino nostro Rege Philippo IV. latae Matriti 10. Februarii Anno Domini 1623

Detalles Bibliográficos
Autor principal: Escobar de Corro, Juan fl. 1630
Formato: Libro
Lenguaje:Latin
Publicado: Lugduni 1733
Edición:Editio ab ipsomet autore aucta, & à mendis expurgata
Materias:
Colección:Banco de datos
Acervo:Biblioteca Pública Central del Estado de Durango. Lic. José Ignacio Gallegos Caballero. Colección José Fernando Ramírez
Descripción Física:2 t. f°
Tema general:Derecho eclesiástico
Notas:Portada a dos tintas con pleca y empresa tipográfica del impresor en grabado xilográfico. Texto a dos columnas. Paginación: t. 1 [6] h., 312 p.; t. 2 313-448 p., [36] h. Encuadernación en pergamino. Ex libris manuscrito en la portada: Licdo . . . de Escovar". Sello en tinta de José Fernando Ramírez. Daños de humedad y en la encuadernación
LEADER 02533nam a22002050004500
035 |a 355 
041 0 |a lat 
100 1 |a Escobar de Corro, Juan  |d fl. 1630 
245 1 0 |a Tractatus bipartitus de puritate et nobilitate probanda, secundum statuta S. Officii Inquisitionis, Regii Ordinum Senatus, Sanctae Ecclesiae Toletanae, Collegiorum, aliarúmque communitatum Hispaniae. Ad explicationem Regiae Pragmaticae Sanctionis, §. 20. incipiente, y porque el odio, à Domino nostro Rege Philippo IV. latae Matriti 10. Februarii Anno Domini 1623  |c autore D. D. Joanne Escobar à Corro J. U. D. fidei causarum censore, tunc in Llerenensi Praetorio, nunc in cordubensi, ac quondam apud hispalensis S. Mariae de Jesu Maximi Collegii Togato, & in ejus Universitate decreti cathedrae antecessore. Opus quidem, & res dificillima, in qua, velut magna, voluisse fat est, ut dixit Propertius, utilissimaque tam utriusque Juris Caesarei, & Pontificii Professoribus, Judicibus, causi dicis, & caeteris in foro versantibus, quàm theologis, quibus plura. praecipuè in re morali, noviter explanata, atque enodata traduntur 
250 |a Editio ab ipsomet autore aucta, & à mendis expurgata 
260 |a Lugduni  |b sumptibus Rochi de Vile, & L. Chalmette  |c 1733 
300 |a 2 t.  |c f° 
500 |a Portada a dos tintas con pleca y empresa tipográfica del impresor en grabado xilográfico. Texto a dos columnas. Paginación: t. 1 [6] h., 312 p.; t. 2 313-448 p., [36] h. Encuadernación en pergamino. Ex libris manuscrito en la portada: Licdo . . . de Escovar". Sello en tinta de José Fernando Ramírez. Daños de humedad y en la encuadernación 
504 |a Índice de cosas y palabras notables 
505 0 0 |a t.1 In cujus parte I. agitur de natura, utilitate, fine & intelligenda statutorum puritatis: recensentúrque omnes species probationum, ex quibus praedictae qualitates possunt & debent probari, ex mente ipsorum statutorum, secundùm jus commune. In II explicatur praedicta Pragmatica per singulos § § in calcéque adduntur utilissimae queaestiones de officio promotoris fiscalis, & de officio judicum circa judicandas puritatis & nobilitatis probationes; & tandem instructio sermone vulgari edita, ministris qui versantur in conficiendo informationes puritatis, & nobilitatis utilissima 
650 1 0 |a Derecho eclesiástico 
949 |a CR. t. 1 (683); t. 2 (683) 
942 |c DURANRAM 
943 |g Biblioteca Pública Central del Estado de Durango. Lic. José Ignacio Gallegos Caballero. Colección José Fernando Ramírez 
999 |c 1077285  |d 1077285